| 000 | 02248 a2200265 4500 | ||
|---|---|---|---|
| 001 | 3210 | ||
| 005 | 20260407155425.0 | ||
| 008 | 260407a2006 arg spa d | ||
| 003 | AR-UNSa-BCEJYS | ||
| 040 |
_aAR-UNSa-BCEJYS _bspa _cAR-UNSa-BCEJYS |
||
| 080 |
_a336.226.1 _xImpuestos a las ganancias o los beneficios (Impuesto Diferido) |
||
| 245 | 1 | 0 |
_aImpuesto a las ganancias _pEstudio teórico práctico de la Ley Argentina a la luz de la teroría general del impuesto a la renta |
| 020 | _a950-537-640-5 | ||
| 250 | _a11a. ed. | ||
| 264 | 1 |
_aBuenos Aires : _bEdiciones Macchi _c2006 |
|
| 300 |
_axl, 1088 p. _c22 cm. |
||
| 505 | _a1. Teoría general y antecedentes argentinos - 2. Objeto del impuesto - 3. Vínculo jurisdiccional.Residencia.Renta mundial.Gannacias de fuente argentina para beneficios del exterior.Valuación económica internacional y precios de transferencia.Ganancias de fuente extranjera.Crédito de impuesto - 4. Clasificación y análisis de las rentas imponibles - 5. Sujeto del impuesto - 6.Deducciones personales y exenciones - 7. Contabilidad Fiscal - 8. Normas generales sobre determinación de la renta - 9. Determinación de la renta en la primera categoría - 10. Determinación de la renta en la segunda categoría - 11. Determinación de la renta en la tercera categoría.Aspectos generales - 12. Amortizaciones - 13. Valuación de las mercaderías en los inventarios - 14. Malos créditos - 15. Previsiones y reservas - 16. Diferencias de cambio por operaciones en moneda extranjera - 17. El ajuste por inflación - 18. Determinación de la renta en la cuarta categoría - 19. Incentivos a la inversión - 20.Explotaciones agropecuarias - 21. Operaciones inmbobiliarias y construcciones - 22. Rentas de las sociedades de capital y de sus accionistas. Entrega de fondos o bienes. Impuesto de igualación - 23. La reorganización de empresas - 24. Liquidación ingreso y retención del impuesto | ||
| 041 | _aspa | ||
| 942 | _cBK | ||
| 590 | _aniveau_biblio:m niveau_hierar:0 | ||
| 100 | 1 | _aGebhardt, Jorge | |
| 700 | 1 | _aReig, Enrique Jorge | |
| 700 | 1 | _aMalvitano, Rubén H. | |
| 856 | 4 | 1 |
_uhttps://biblioeco.unsa.edu.ar/pmb/images/libros/Impuesto a la Ganancias-l116501.jpg _yImagen de portada _qimage/jpeg |
| 999 |
_c292 _d292 |
||